000 007960000a22002290004500
003 LK-CoMWRAF
005 20240315111408.0
008 230817t1987 ||||| |||| 00| 0 eng d
040 _aLK-CoMWRAF
_dLK-CoMWRAF
_eLK-CoMWRAF
041 _aeng
082 _a348.5493
_bSRI
110 _aSri Lanka, Democratic Socialist Republic
245 _a1985 supplement (unofficial) to the revised edition of the legislative enactments of Sri Lanka
260 _aColombo:
_c1987
300 _a253-269 p.
490 _avol.I
_vpart 14
500 _acensus, printing presses, state printing, news paperrs, ANCL, National archives, SLF, SWRDBNMF, Student loan fund
650 _aLAW-Sri Lanka
650 _aCivil law and procedure
700 _a Deheragoda, E. R. K. D. M. Hector
_ecomp.
942 _cBK
999 _c2776
_d2776